000 01371cam a22003737a 4500
003 CHAP
005 20220329143028.0
008 050914s2003 mx r 00010 spa d
010 _a90921
011 _a91893
020 _a9706861491
035 _a102456
040 _cCHAP
082 0 4 _a657.4
_bH35Y 2000
100 0 0 _aHansen, Don R.
_952567
245 1 0 _aAdministración de costos :
_bcontabilidad y control
_c/por Don R. Hansen y Maryanne M. Mowen
260 _aMéxico, D. F. :
_bLearning,
_c2003
300 _a952 p.
500 _aTrad. de : Cost management : accounting and control. 3 ed. 2000.
590 _aBATCH-UPD
_b10
_c20130110
_lUCH01
_h0440
590 _aBATCH-UPD
_b10
_c20130110
_lUCH01
_h2343
590 _aBATCH-UPD
_b10
_c20130410
_lUCH01
_h0116
590 _aBATCH-UPD
_b10
_c20130913
_lUCH01
_h1935
590 _aCONVERSION
_b10
_c20130109
_lUCH01
_h1350
650 1 4 _aAdministración.
_9918
650 1 4 _aContabilidad de costos.
_927425
700 0 _aMowen, Maryanne M.
_979182
901 _aBK
905 _aLilia
942 _cLIBRO
949 _a657.4 H35Y 2000
_bBC
_cLIBRO
_d33724000957924
_eLIBRO
_gI.c/e
_h106861
_i102456
_si
_t$295.00
949 _a657.4 H35Y 2000
_bBC
_cLIBRO
_d33724000957981
_eLIBRO
_fc.2
_gI.c/e
_h106862
_i102456
_sb
_t$295.00
949 _a657.4 H35Y 2000
_bBC
_cLIBRO
_d33724000958047
_eLIBRO
_fc.3
_gI.c/e
_h106863
_i102456
_sb
_t$295.00
999 _c90921
_d90921